Information systems project management : (Record no. 8720)
[ view plain ]
| 000 -LEADER | |
|---|---|
| fixed length control field | 00819nam a22002412 4500 |
| 001 - CONTROL NUMBER | |
| control field | 0000018940 |
| 005 - DATE AND TIME OF LATEST TRANSACTION | |
| control field | 20151217152140.0 |
| 008 - FIXED-LENGTH DATA ELEMENTS--GENERAL INFORMATION | |
| fixed length control field | 100817s xx 000 0 eng d |
| 020 ## - INTERNATIONAL STANDARD BOOK NUMBER | |
| International Standard Book Number | 8129703238 : |
| 040 ## - CATALOGING SOURCE | |
| Original cataloging agency | KABU |
| Transcribing agency | KABU |
| 100 1# - MAIN ENTRY--PERSONAL NAME | |
| Personal name | McManus, John. |
| -- | 0000178426 |
| 245 10 - TITLE STATEMENT | |
| Title | Information systems project management : |
| Remainder of title | methods, tools and techniques / |
| Statement of responsibility, etc. | John McManus and Trevor Wood-Harper. |
| 250 ## - EDITION STATEMENT | |
| Edition statement | 1st ed. |
| 260 ## - PUBLICATION, DISTRIBUTION, ETC. (IMPRINT) | |
| Place of publication, distribution, etc. | New Delhi : |
| Name of publisher, distributor, etc. | Pearson Educ., |
| Date of publication, distribution, etc. | 2003. |
| 300 ## - PHYSICAL DESCRIPTION | |
| Extent | 310 p. |
| 650 #0 - SUBJECT ADDED ENTRY--TOPICAL TERM | |
| Topical term or geographic name as entry element | Information resource management. |
| -- | 0000156075 |
| 650 #0 - SUBJECT ADDED ENTRY--TOPICAL TERM | |
| Topical term or geographic name as entry element | Information technology |
| General subdivision | Management. |
| -- | 0000150506 |
| 650 #0 - SUBJECT ADDED ENTRY--TOPICAL TERM | |
| Topical term or geographic name as entry element | Project management. |
| -- | 0000148291 |
| 700 1# - ADDED ENTRY--PERSONAL NAME | |
| Personal name | Wood-Harper, Trevor. |
| -- | 0000178427 |
| 852 1# - LOCATION | |
| -- | p2394 KES |
| 908 ## - PUT COMMAND PARAMETER (RLIN) | |
| Put command parameter | 100817 |
| 950 ## - LOCAL HOLDINGS (RLIN) | |
| -- | 1 |
| Withdrawn status | Lost status | Source of classification or shelving scheme | Not for loan | Home library | Current library | Date acquired | Total Checkouts | Total Renewals | Full call number | Barcode | Date last seen | Date last checked out | Price effective from | Koha item type |
|---|---|---|---|---|---|---|---|---|---|---|---|---|---|---|
| Library of Congress Classification | Kabarak, Main Campus | Kabarak, Main Campus | 17/12/2015 | 1 | 1 | T58.64 .M36 2003 c. 1 | 24041 | 26/03/2024 | 02/02/2024 | 17/12/2015 | General Collection |